[Event "Orbis-2 IM 2018"]
[Site "Paracin"]
[Date "2018.12.04"]
[Round "2"]
[White "Om Kharola"]
[Black "Besedes, Danilo"]
[Result "1-0"]
[WhiteElo "2080"]
[BlackElo "2300"]
[Annotator "RC"]
[PlyCount "59"]
[EventDate "2018.12.03"]
[EventType "tourn"]
[EventCountry "SRB"]
[SourceTitle "playchess.com"]
[Source "ChessBase"]
[SourceQuality "1"]
[TimeControl "40/5400+30:1800+30"]

1. e4 c6 2. d4 d5 3. Nc3 dxe4 4. Nxe4 Nf6 5. Nxf6+ exf6 6. Nf3 Bd6 7. Bd3 O-O 8. O-O Bg4 9. c3 Nd7 10. Be3 Qc7 11. h3 Bh5 12. g4 Bg6 13. Nh4 Rfe8 14. Nf5 Bf4 15. Qf3 Bxe3 16. fxe3 Rad8 17. Rad1 Nf8 18. h4 Ne6 19. Kg2 a5 20. Rf2 Rd7 21. Rh1 h6 22. Kg1 Rdd8 23. Rg2 Qd7 24. g5 fxg5 25. hxg5 Bxf5 26. Bxf5 hxg5 27. Rxg5 Kf8 28. Rh8+ Ke7 29. Bxe6 Qxe6 30. Rxe8+ 1-0

[Event "Orbis-2 IM 2018"]
[Site "Paracin"]
[Date "2018.12.04"]
[Round "3"]
[White "Lajthajm, Borko"]
[Black "Klasan, Vladimir"]
[Result "0-1"]
[WhiteElo "2405"]
[BlackElo "2364"]
[Annotator "TA"]
[PlyCount "64"]
[EventDate "2018.12.03"]
[EventType "tourn"]
[EventCountry "SRB"]
[SourceTitle "playchess.com"]
[Source "ChessBase"]
[SourceQuality "1"]

{[%evp 9,64,35,37,15,60,19,32,7,32,6,14,-4,-12,-16,10,18,6,7,22,-21,-21,-21,0,0,0,0,25,25,66,61,126,118,207,0,0,8,16,-43,-4,-21,-11,-16,0,0,0,0,73,59,97,106,162,-168,-168,-170,-174,-29992,-29993]} 1. e4 d5 2. exd5 Qxd5 3. Nc3 Qd6 4. Nf3 Nf6 5. Bc4 a6 {LiveBook: 17 Games} 6. Qe2 {B01: Scandinavian Defence} (6. d4 b5 7. Bd3 Bb7 8. Qe2 Nbd7 9. O-O e6 10. a4 b4 11. Ne4 Qd5 12. Nxf6+ Nxf6 13. c4 bxc3 14. bxc3 Be7 {1-0 (48) Savic,M (2587)-Milanovic,D (2594) Belgrade 2015}) 6... e6 7. d3 b5 8. Bb3 {White is slightly better.} Bb7 9. a4 b4 10. Nb1 $146 ({Predecessor:} 10. Ne4 Nxe4 11. dxe4 Nd7 12. O-O {1-0 (24) Zigo,V (2240)-Smid,M (2126) Czechia 2012}) 10... Nbd7 11. Nbd2 c5 12. Nc4 Qc7 13. a5 Bd6 14. Bg5 O-O 15. Bh4 Nd5 {Strongly threatening ...Nf4.} 16. O-O Nf4 17. Qe3 Ng6 {And now ...Bxf3 would win.} 18. Nxd6 Nxh4 19. Nxb7 ({Of course not} 19. Nxh4 Qxd6 20. Rfe1 Nf6 $11) 19... Nf5 (19... Nxf3+ $14 20. Qxf3 Rfb8) 20. Qe4 $16 Rab8 {[#]} (20... h6 $16 {might work better.}) 21. Nxc5 $2 ({Weaker is} 21. g4 Nd4 $14) (21. Ng5 $1 $18) 21... Nxc5 $11 22. Qc4 {aiming for d4.} Rb5 23. g4 (23. Rfc1 $11) 23... Nd6 (23... Qb7 {keeps more tension.} 24. Qf4 Nxb3 25. cxb3 Rd5 26. Rfd1 Ne7) 24. Qf4 Nxb3 25. cxb3 Rd5 26. Rfc1 Qb7 27. d4 Nb5 {[#]} (27... h5 $11 {keeps the balance.}) 28. Rc4 $1 $16 Rfd8 29. Rxb4 e5 (29... Qe7 $16 {is a better defense.} 30. Raa4 h5) 30. Nxe5 $4 {[%mdl 8192]} (30. Qe4 $18 {avoids the disaster.}) 30... Rxd4 $19 {( -> ...Rd1+)} 31. Rxd4 Nxd4 32. Re1 $2 {[#]} (32. Qxf7+ $19 Qxf7 33. Nxf7 Kxf7 34. b4) 32... Ne2+ $1 {[%mdl 576] Double Attack. Accuracy: White = 39%, Black = 30%.} 0-1

[Event "Orbis-2 IM 2018"]
[Site "Paracin"]
[Date "2018.12.04"]
[Round "3"]
[White "Mladenovic, Stefan"]
[Black "Sahil, Tickoo"]
[Result "0-1"]
[WhiteElo "2330"]
[BlackElo "2224"]
[Annotator "TA"]
[PlyCount "92"]
[EventDate "2018.12.03"]
[EventType "tourn"]
[EventCountry "SRB"]
[SourceTitle "playchess.com"]
[Source "ChessBase"]
[SourceQuality "1"]

{[%evp 28,92,85,75,83,0,61,-7,0,-9,0,-7,2,0,0,-18,-4,-56,-41,-125,-124,-119,-122,-120,-67,-149,-131,-127,-7,-27,32,-18,0,0,0,0,0,-274,-262,-456,-450,-439,-447,-422,-358,-477,-481,-481,-464,-417,-205,-216,-181,-313,-327,-316,-308,-356,-356,-356,-355,-110,0,-29980,-29981,-29971,-6420]} 1. d4 d5 2. c4 e6 3. Nc3 c6 4. e3 Nf6 5. Nf3 Nbd7 6. Bd3 dxc4 7. Bxc4 b5 8. Bd3 Bb7 9. O-O a6 10. e4 c5 11. d5 Qc7 12. dxe6 fxe6 13. Qe2 {D48: Semi-Slav: Meran System: 7...b5 8 Bd3 a6} (13. Ng5 Qc6 14. Be2 Rd8 15. a4 b4 16. Nb1 Ne5 17. Nd2 h6 18. f4 hxg5 19. fxe5 Qc7 20. Qb3 Qxe5 {0-1 (46) Wang,H (2709)-Ding,L (2777) Huaian 2017}) 13... Bd6 14. Ng5 Nf8 15. f4 {LiveBook: 3 Games. White is better.} h6 {[#] Strongly threatening ...c4.} 16. Nh3 $146 (16. Bxb5+ $16 axb5 17. e5) ({Predecessor:} 16. Nf3 c4 17. Bc2 Bxf4 18. e5 Bxc1 19. Raxc1 Nd5 20. Ne4 O-O-O {½-½ (34) Yevseev,D (2530)-Duzhakov,I (2326) Peterhof 2010}) 16... e5 {[#]} ({Better is} 16... c4 $11 17. Bc2 e5) 17. a4 (17. Nd5 $1 $14 {[%mdl 512]} Nxd5 (17... Bxd5 18. exd5) 18. exd5) 17... c4 $11 18. Bc2 b4 19. Nd5 Nxd5 20. exd5 {Black must now prevent fxe5.} O-O-O $36 {[%mdl 2048] White is under pressure.} (20... Bxd5 21. fxe5 Bc5+ 22. Kh1 $16) 21. fxe5 Bxe5 {Threatening ...g5.} 22. Bf4 (22. Kh1 $11) 22... Nd7 $15 (22... Rxd5 $6 23. Be4 $11) 23. Kh1 (23. Rac1 $15) 23... g5 $1 $17 {[%cal Rg5f4]} (23... Bxd5 $6 24. Rad1 $11) 24. Bxe5 Nxe5 25. Be4 Nf7 ({Much less strong is} 25... Bxd5 26. Rf6 $15) (25... Rhe8 $17 26. Rad1 Kb8) 26. Bf5+ (26. Rac1 $15 Ne5 27. Rf6) 26... Kb8 27. Be6 Nd6 ({Black should play} 27... Rhe8 $17 28. Qh5 (28. Rxf7 Qxf7 {[%mdl 64] Pin} 29. Qxc4 Qf8 $17) (28. Qe1 Ne5 $17) 28... Ne5) 28. Nf2 $1 $11 Rde8 (28... Nc8 $11) 29. Qd2 a5 30. Ng4 Ne4 31. Qd4 Nc5 $1 {[%cal Rc5b3] Threatens to win with ...Nb3.} 32. Bf7 $2 {[%mdl 8192]} (32. Rae1 $11 {and White has nothing to worry.}) 32... Nb3 $1 $19 {[%csl LRa1,LRd4][%mdl 64] Double Attack} 33. Qf6 $2 (33. Qf2 Re4 34. Qf5 Rxg4 35. Qxg4 Nxa1 36. d6 Qxd6 37. Rxa1) 33... Nxa1 34. Bxe8 Rxe8 35. Rxa1 Qe7 36. Qf2 Qe2 37. Qg3+ Ka7 38. Rg1 h5 (38... Qxb2 $142 39. Qc7 Qd4 40. Qxa5+ Kb8) 39. Nf6 Rc8 40. Qxg5 (40. d6 {is a better defense.} Rc5 41. d7) 40... c3 $1 {[%cal Rc3b2]} 41. bxc3 bxc3 {[%cal Bb4c3,Bc3c2][%mdl 32]} 42. d6 c2 43. Qxa5+ {[#]} Ba6 $1 44. Qg5 {aiming for d7.} Qd1 (44... Qf2 $17 45. Qc1 Qxf6) 45. Qc1 $2 {[%mdl 8192]} (45. Qe3+ $11 Ka8 46. d7) 45... Qxc1 46. Rxc1 {[#]} Rb8 $1 {Accuracy: White = 28%, Black = 55%.} 0-1

[Event "Orbis-2 IM 2018"]
[Site "Paracin"]
[Date "2018.12.04"]
[Round "3"]
[White "Besedes, Danilo"]
[Black "Karthik Kumar Pradeep"]
[Result "1/2-1/2"]
[WhiteElo "2300"]
[BlackElo "2230"]
[Annotator "TA"]
[PlyCount "51"]
[EventDate "2018.12.03"]
[EventType "tourn"]
[EventCountry "SRB"]
[SourceTitle "playchess.com"]
[Source "ChessBase"]
[SourceQuality "1"]

{[%evp 22,51,5,-21,-6,-8,-14,-22,40,0,54,46,46,0,0,0,0,0,0,0,0,0,0,0,0,0,0,0,0,0,0,0]} 1. d4 Nf6 2. Nf3 e6 3. Bf4 c5 4. e3 d5 5. c3 Nc6 6. Nbd2 Bd6 7. Bg3 O-O 8. Bd3 b6 9. Qe2 {D02: 1 d4 d5 2 Nf3 sidelines, including 2...Nf6 3 g3 and 2...Nf6 3 Bf4} (9. e4 Be7 10. e5 Nh5 11. Nf1 cxd4 12. Nxd4 Nxd4 13. cxd4 g6 14. Ne3 f5 15. exf6 Bxf6 16. Be2 Nxg3 17. hxg3 {½-½ (37) Nakamura,H (2787)-Svidler,P (2760) Moscow 2018}) 9... Bb7 10. Rd1 Re8 11. e4 {[%cal Be3e4,Be4e5][%mdl 32]} Be7 12. e5 {LiveBook: 26 Games} Nd7 13. a3 a5 14. h4 Nf8 $146 (14... h6 $11) ({Predecessor:} 14... h6 15. Bf4 Qc8 16. Qe3 Bf8 {1-0 (34) Chandra,A (2493)-Wang,J (2232) Madison 2017}) 15. Ng5 f6 (15... cxd4 $11 16. Bxh7+ Nxh7) 16. exf6 $14 Bxf6 17. Bxh7+ Nxh7 {The position is equal.} 18. Qh5 Nxg5 19. hxg5 Bxg5 {...Qf6 is the strong threat.} 20. Qh7+ Kf7 {[#] And now ...Rh8 would win.} 21. Ne4 $1 {[%mdl 512]} dxe4 22. Qh5+ $1 Kg8 23. Qh7+ Kf7 24. Qh5+ $1 Kg8 25. Qh7+ Kf7 26. Qh5+ $1 1/2-1/2

[Event "Orbis-2 IM 2018"]
[Site "Paracin"]
[Date "2018.12.04"]
[Round "3"]
[White "Sredojevic, Ivan"]
[Black "Om Kharola"]
[Result "1/2-1/2"]
[WhiteElo "2271"]
[BlackElo "2080"]
[Annotator "TA"]
[PlyCount "69"]
[EventDate "2018.12.03"]
[EventType "tourn"]
[EventCountry "SRB"]
[SourceTitle "playchess.com"]
[Source "ChessBase"]
[SourceQuality "1"]

{[%evp 30,69,34,2,20,18,52,54,43,28,7,0,0,0,0,0,16,16,14,11,15,12,75,73,59,0,8,8,8,8,8,8,8,0,8,8,8,8,22,0,0,0]} 1. e4 e5 2. Nf3 Nc6 3. Bb5 a6 4. Ba4 Nf6 5. O-O Be7 6. Re1 b5 7. Bb3 d6 8. c3 O-O 9. h3 Nb8 10. d4 Bb7 11. Nbd2 Nbd7 12. Bc2 Re8 13. Nf1 Bf8 14. Ng3 g6 15. a4 Bg7 16. b3 {LiveBook: 16 Games. C95: Closed Ruy Lopez: Breyer Variation with 10 d4} (16. Bd3 exd4 17. cxd4 c5 18. axb5 axb5 19. Rxa8 Bxa8 20. dxc5 Nxc5 21. Bxb5 Rf8 22. e5 dxe5 23. Qxd8 Rxd8 24. Nxe5 {½-½ (39) Hou,Y (2658)-Vitiugov,N (2734) Belokurikha 2018}) 16... exd4 17. cxd4 {[#]} d5 $146 {[%cal Rd5e4]} ({Predecessor:} 17... c5 18. Bb2 cxd4 19. Bxd4 {½-½ (19) Brkic,A (2564)-Predojevic,B (2632) Rijeka 2010}) 18. e5 {[#] Bg5 is the strong threat.White is slightly better.} Ne4 $1 19. Nxe4 (19. b4 {is more complex.} Nxg3 20. fxg3 f6 21. exf6 Nxf6 22. Bf4) 19... dxe4 20. Bxe4 Bxe4 21. Rxe4 Nxe5 $1 22. axb5 {And now Bf4 would win.} axb5 23. Rxa8 Nxf3+ 24. Qxf3 Qxa8 25. Re7 f5 {[#]} (25... f6 $11) 26. Rxe8+ $1 $16 Qxe8 27. Bf4 (27. Qd5+ $14 Kh8 28. Bf4) 27... c6 {The position is equal.} 28. d5 cxd5 $1 29. Qxd5+ Kh8 30. g3 Bc3 31. h4 Kg7 32. Qb7+ Kg8 33. Be3 b4 34. Kf1 Qe4 35. Qc8+ {Accuracy: White = 44%, Black = 31%.} 1/2-1/2

[Event "Orbis-2 IM 2018"]
[Site "Paracin"]
[Date "2018.12.04"]
[Round "3"]
[White "Konstantinov, Aleksandar"]
[Black "Rakshitta Ravi"]
[Result "1-0"]
[WhiteElo "2080"]
[BlackElo "2141"]
[Annotator "NA"]
[PlyCount "109"]
[EventDate "2018.12.03"]
[EventType "tourn"]
[EventCountry "SRB"]
[SourceTitle "playchess.com"]
[Source "ChessBase"]
[SourceQuality "1"]
[TimeControl "40/5400+30:1800+30"]

1. d4 Nf6 2. c4 e6 3. Nc3 d5 4. cxd5 exd5 5. Bg5 Nbd7 6. e3 Be7 7. Bd3 c6 8. Qc2 O-O 9. Nge2 Re8 10. O-O h6 11. Bh4 Nf8 12. f3 Ne6 13. Bf2 {LiveBook: 7 Games D36: Queen's Gambit Declined: Exchange Variation: Main line (5 Bg5 c6 6 Qc2)} (13. Kh1 Nh5 14. Bf2 Nf6 15. Rad1 Bd7 16. Bg1 Ng5 17. e4 dxe4 18. fxe4 Bg4 19. h3 Bh5 20. Rde1 Ne6 {1-0 (31) Le,Q (2736)-Pham,L (2354) Hanoi 2018}) 13... Bd6 14. h3 Nh5 $146 ({Predecessor:} 14... Qc7 15. e4 dxe4 16. fxe4 Be7 17. Be3 b6 18. e5 Nd7 19. Bh7+ Kf8 20. Rxf7+ Kxf7 21. Qg6+ Kf8 22. Rf1+ Nf6 23. exf6 Bxf6 24. Rxf6+ gxf6 25. Qxf6+ Qf7 26. Bxh6+ {1-0 (26) Montilla Reyes,J (2118)-Valner,S (1849) Tromsoe 2014}) 15. g4 {[%emt 0:45:50]} (15. Kh1 $11) 15... Ng5 {[%emt 0:32:55]} 16. Kg2 {[%emt 0:00:29]} Nf6 {[%emt 0:05:50]} 17. h4 $2 {[%emt 0:14:32] [#]} (17. Nf4 $11) 17... Nxf3 $1 {[%emt 0:04:31]} 18. Kxf3 {[%emt 0:00:32]} Nxg4 {[%emt 0:00:24]} (18... Bxg4+ 19. Kg2 $17) 19. Kg2 {[%emt 0:02:52]} Rxe3 {[%emt 0:04:53]} 20. Bh7+ {[%emt 0:03:04]} Kh8 {[%emt 0:01:17]} 21. Bf5 {[%emt 0:00:07]} Nxf2 {[%emt 0:12:51]} 22. Rxf2 {[%emt 0:05:14]} Qxh4 {[%emt 0:02:27]} ({Stronger than} 22... Bxf5 23. Qxf5 Qxh4 24. Rh1 $11) 23. Rg1 {[%emt 0:05:38]} Bxf5 {[%emt 0:05:16]} 24. Qxf5 {[%emt 0:00:24]} Re6 {[%emt 0:21:11]} 25. Rh1 {[%emt 0:06:43]} Qe7 {[%emt 0:00:52]} 26. Qxf7 {[%emt 0:03:07]} Qxf7 {[%emt 0:01:51]} 27. Rxf7 {[%emt 0:00:09]} Kg8 {[%emt 0:00:08]} 28. Rf3 {[%emt 0:07:45]} b5 {[%emt 0:00:51]} 29. Nf4 {[%emt 0:01:34]} Rf6 {[%emt 0:02:37]} 30. Nd3 {[%emt 0:00:38]} Rxf3 {[%emt 0:00:59]} 31. Kxf3 {[%emt 0:00:06]} Rf8+ {[%emt 0:00:02]} 32. Kg2 {[%emt 0:02:37]} Kh7 {[%emt 0:00:32]} 33. Re1 {[%emt 0:00:14]} Rf6 {[%emt 0:01:48]} 34. Ne5 {[%emt 0:00:47]} Re6 {[%emt 0:00:07]} 35. Kf3 {[%emt 0:04:33]} Rf6+ {[%emt 0:01:46]} 36. Ke3 {[%emt 0:01:08]} (36. Kg4 $5 {[%cal Re5c6]}) 36... g5 {[%emt 0:01:43]} 37. Kd3 {[%emt 0:00:15]} Bxe5 {[%emt 0:00:28]} 38. dxe5 {[%emt 0:00:05]} Re6 {[%emt 0:00:05]} 39. Kd4 {[%emt 0:01:02]} h5 {[%emt 0:00:28]} 40. Nd1 {[%emt 0:00:00]} Kh6 {[%emt 0:00:00]} 41. Nf2 {[%emt 0:05:38]} g4 {[%emt 0:02:38]} 42. Nd3 {[%emt 0:01:14]} Kg5 {[%emt 0:00:17]} 43. Nc5 {[%emt 0:00:31]} Re7 {[%emt 0:00:09]} 44. e6 {[%emt 0:00:26]} g3 {[%emt 0:00:55]} 45. Ke3 {[%emt 0:02:05]} Kg4 {[%emt 0:00:10]} 46. Ke2 {[%emt 0:02:02]} h4 {[%emt 0:00:32]} 47. Kf1 {[%emt 0:00:10]} h3 $11 {[%emt 0:00:24]} 48. Kg1 {[%emt 0:01:26]} d4 {[%emt 0:09:24]} 49. Rd1 {[%emt 0:03:21]} Rh7 {[%emt 0:00:02]} 50. Rxd4+ {[%emt 0:03:55]} Kf3 {[%emt 0:00:05]} 51. Rd3+ {[%emt 0:00:10]} Kf4 {[%emt 0:00:20]} 52. Rd1 {[%emt 0:00:21]} Kf3 {[%emt 0:00:16]} 53. Rf1+ {[%emt 0:02:21]} Ke3 {[%emt 0:01:45]} 54. e7 {[%emt 0:00:20]} h2+ {[%emt 0:01:55]} 55. Kg2 {[%emt 0:00:56]} 1-0

[Event "Orbis-2 IM 2018"]
[Site "Paracin"]
[Date "2018.12.05"]
[Round "4"]
[White "Mladenovic, Stefan"]
[Black "Besedes, Danilo"]
[Result "1/2-1/2"]
[WhiteElo "2330"]
[BlackElo "2300"]
[Annotator "TA"]
[PlyCount "79"]
[EventDate "2018.12.03"]
[EventType "tourn"]
[EventCountry "SRB"]
[SourceTitle "playchess.com"]
[Source "ChessBase"]
[SourceQuality "1"]

{[%evp 10,79,11,6,10,0,0,-89,33,33,33,31,42,20,29,14,57,50,56,25,39,38,55,55,80,25,15,0,0,0,-9,-6,0,5,12,0,0,3,30,0,25,29,20,21,29,0,0,0,26,-26,36,35,83,88,64,0,0,0,0,0,-4,-11,0,0,0,0,0,0,0,0,0,0]} 1. d4 c6 2. c4 d5 3. Nf3 Nf6 4. e3 a6 5. b3 Bf5 6. Be2 {LiveBook: 3 Games. D11: Slav Defence: 3 Nf3 sidelines and 3...Nf6 4 e3 Bg4} e6 7. O-O Nbd7 8. Nh4 $146 {[#]} (8. Bb2 $11 {keeps the balance.}) ({Predecessor:} 8. Bb2 Bd6 9. Nh4 Bxb1 10. Rxb1 Ne4 11. Nf3 O-O 12. Ne5 Qc7 13. f3 {½-½ (48) Evdokimov,A (2500)-Volkov,S (2628) playchess.com INT 2006}) 8... Bg6 (8... Bxb1 $1 $17 9. Rxb1 Ne4) 9. Bb2 $14 Bd6 10. g3 Be4 11. Nd2 O-O 12. f3 Bg6 (12... Bf5 $5) 13. Nxg6 hxg6 14. c5 Bc7 15. f4 Ba5 16. Nf3 $1 Ne4 17. a3 (17. Bd3 $16) 17... g5 $11 18. b4 Bc7 $1 19. Bd3 g4 20. Nd2 Nxd2 21. Qxd2 f5 22. a4 Nf6 23. b5 Ba5 24. Qe2 {[%cal Rb5a6]} axb5 25. axb5 cxb5 26. Bxb5 Ne4 27. Ra3 b6 28. Rfa1 Rc8 29. Ba6 (29. Bd3 $142) 29... Ra8 (29... Rb8 $11) 30. Bd3 $14 {Threatens to win with Bxe4.} Rb8 31. Bxe4 dxe4 32. Bc3 (32. Rb3 $14) 32... Bxc3 $11 {The position is equal.} 33. Rxc3 bxc5 34. dxc5 Qf6 35. Rac1 Rb1 36. Qc2 Rfb8 37. c6 Rxc1+ 38. Qxc1 Rb1 39. Qxb1 {White threatens Qb3 and mate.} Qxc3 {[%mdl 64] [#] Double Attack} 40. Qb6 {Accuracy: White = 52%, Black = 49%.} 1/2-1/2

[Event "Orbis-2 IM 2018"]
[Site "Paracin"]
[Date "2018.12.05"]
[Round "4"]
[White "Karthik Kumar Pradeep"]
[Black "Sredojevic, Ivan"]
[Result "1-0"]
[WhiteElo "2230"]
[BlackElo "2271"]
[Annotator "TA"]
[PlyCount "65"]
[EventDate "2018.12.03"]
[EventType "tourn"]
[EventCountry "SRB"]
[SourceTitle "playchess.com"]
[Source "ChessBase"]
[SourceQuality "1"]

{[%evp 25,65,27,78,50,70,62,61,0,39,0,53,30,38,35,46,44,39,34,88,80,81,87,84,82,79,74,85,78,105,119,113,112,114,106,122,117,133,139,151,137,417,330]} 1. d4 Nf6 2. c4 g6 3. Nf3 Bg7 4. g3 O-O 5. Bg2 d6 6. Nc3 Nbd7 7. O-O e5 8. e4 c6 9. h3 Qb6 10. Re1 exd4 11. Nxd4 Re8 12. Nc2 Ne5 {E69: King's Indian: Fianchetto: 6...Nbd7 7 0-0 e5 8 e4 c6 9 h3} 13. b3 Be6 {LiveBook: 7 Games} (13... h5 $11) 14. Be3 ({Much weaker is} 14. Qxd6 $6 Nh5 $15) (14. Ne3 Nfd7 15. Bb2 Nc5 16. Bf1 Bxh3 17. Bxh3 Ned3 18. Qc2 Nxb2 19. Bf1 Re6 20. Rab1 {0-1 (66) Van Wely,L (2642)-Adhiban,B (2668) Batumi 2018}) 14... Qa5 {White is slightly better.} 15. Bd2 Qb6 16. Be3 Qa5 17. Bd2 Qb6 $1 18. Na4 Qc7 19. Nd4 Bd7 20. Be3 Rad8 21. Nc3 $36 {[%mdl 2048] Black is under pressure.} a6 (21... Qc8 $14) 22. f4 $16 {[%mdl 64] [#] Trapped Piece} Bc8 23. Qc2 Ned7 $146 24. Rad1 Qb8 25. Bf2 c5 26. Nf3 {[%cal Bd4f3,Bf3d2,Bd2c4][%mdl 32]} b5 27. cxb5 axb5 {[#]} 28. a4 $1 bxa4 29. bxa4 Bb7 30. Nd2 Nh5 31. Nc4 Re6 32. Nb5 {[%cal Rb5d6]} Ndf6 $2 {[%mdl 8192]} (32... Bf8 $16 {might work better.} 33. Qd2 Nhf6) 33. Nbxd6 {Accuracy: White = 75%, Black = 52%.} 1-0

[Event "Orbis-2 IM 2018"]
[Site "Paracin"]
[Date "2018.12.05"]
[Round "4"]
[White "Sahil, Tickoo"]
[Black "Klasan, Vladimir"]
[Result "1-0"]
[WhiteElo "2224"]
[BlackElo "2364"]
[Annotator "TA"]
[PlyCount "115"]
[EventDate "2018.12.03"]
[EventType "tourn"]
[EventCountry "SRB"]
[SourceTitle "playchess.com"]
[Source "ChessBase"]
[SourceQuality "1"]

{[%evp 21,115,53,65,57,81,75,90,54,98,39,77,80,77,75,84,50,92,62,142,105,125,101,102,108,113,64,135,79,138,64,116,113,151,143,157,172,195,204,198,213,266,254,265,276,252,222,312,274,260,259,556,256,274,223,358,272,275,273,256,236,359,320,331,327,685,406,394,356,1760,1499,29985,29986,29986,29987,29979,29980,29942,931,850,432,1068,1025,29981,29982,29981,29982,29981,29983,29991,29992,29992,29993,29994,29995,29996,29997]} 1. d4 c5 2. d5 Nf6 3. c4 e6 4. Nc3 exd5 5. cxd5 d6 6. e4 g6 7. h3 {A65: Modern Benoni: 6 e4} Bg7 8. Nf3 a6 9. a4 Nbd7 10. Bd3 Nh5 11. Bg5 (11. Be2 Ne5 12. Nxe5 Bxe5 13. Bxh5 gxh5 14. Qxh5 Qf6 {1-0 (55) Jakovenko,D (2748)-Dubov,D (2691) Satka 2018}) 11... Bf6 {LiveBook: 84 Games} 12. Bh6 Ng7 13. O-O O-O 14. Qd2 $146 ({Predecessor:} 14. Re1 Ne5 {½-½ (58) Burnier,D (2329)-Cebalo,M (2423) Triesen 2014}) 14... Rb8 15. a5 (15. Be2 $16) 15... Re8 16. Bf4 Qe7 17. Na4 Nh5 18. Be3 Bg7 19. Rfe1 Qf8 (19... b5 $14 20. axb6 Nxb6) 20. g4 {[%cal Bg2g4,Bg4g5][%mdl 32]} Nhf6 21. Bf4 $1 $36 {[%mdl 2048] White is in control.} h5 22. g5 Nh7 23. Kg2 Qe7 ({Black should try} 23... f6 $14) 24. Bg3 (24. h4 $142) 24... Nhf8 (24... b6 $142) 25. b4 (25. Rab1 $16) 25... cxb4 (25... Bxa1 $14 26. Rxa1 c4 {[%mdl 64] Decoy} 27. Bxc4 b5 28. axb6 Nxb6 29. Nxb6 Rxb6) 26. Rab1 $16 Ne5 27. Nxe5 Bxe5 28. f4 Bg7 29. Qxb4 Nd7 30. h4 Nc5 31. Nxc5 dxc5 32. Qc4 Bd7 33. e5 $1 Bb5 (33... b5 $142 34. axb6 {[%mdl 64] Discovered Attack} Bb5) 34. Qe4 Bxd3 35. Qxd3 Qc7 $2 (35... Qd7 {was worth a try.} 36. Rec1 Rec8) 36. Rb6 (36. e6 $142) 36... c4 $18 37. Qd4 Rec8 (37... Qd7 $142 38. Qxc4 Rbc8) 38. d6 Qd7 39. Rc1 Qg4 40. Rb2 {[%cal Bb6b2,Bb2c2,Bc2c3][%mdl 32]} c3 (40... Rc6 {might work better.} 41. Qd5 c3) 41. Rbc2 Qe6 {If Black can now play ...Rc4 this consolidates a bit.} 42. Rxc3 Qa2+ $2 (42... Rc6 43. Rxc6 bxc6 44. Rxc6 Rb5) 43. Bf2 Rxc3 44. Rxc3 {d7 is the strong threat.} Qxa5 $2 (44... Qe6 45. Rc7 Qg4+ 46. Kh2 Qf5) 45. d7 Rd8 46. Rc8 Bf8 47. Rxd8 Qxd8 48. Qd5 Be7 49. Qxb7 (49. e6 $142 a5 50. f5 gxf5 51. exf7+ Kf8 52. g6 Qc7 {[#]} 53. g7+ $1 {[%mdl 512]} Kxg7 54. f8=Q+ $1 {[%mdl 576] Decoy} Kxf8 55. Qxf5+ {[%mdl 64] Double Attack} Kg8 56. Qg6+ Kf8 57. Qe8+ Kg7 58. Qxe7+ Kg6 59. Qe6+ Kg7 60. Bd4+ Qe5 61. Bxe5+ Kh7 62. Qf7+ {[%mdl 64] Double Attack} Kh6 63. Qg7#) 49... Qa5 50. Qe4 {Black must now prevent e6.} Kf8 (50... Qa2 $142 51. Qa8+ Kh7) 51. e6 Qc7 52. Qa8+ {White mates.} Bd8 {[#]} 53. Bc5+ $1 {[%mdl 512]} Kg7 (53... Qxc5 54. Qxd8+) 54. e7 {[%mdl 64] Trapped Piece} Qxd7 55. exd8=Q {[%csl Ga8][%cal Rd8h8]} Qg4+ 56. Kf2 {[%csl Ga8][%cal Rd8h8]} Qxf4+ 57. Qf3 Qd2+ 58. Qxd2 {Accuracy: White = 60%, Black = 24%.} 1-0

[Event "Orbis-2 IM 2018"]
[Site "Paracin"]
[Date "2018.12.05"]
[Round "4"]
[White "Om Kharola"]
[Black "Konstantinov, Aleksandar"]
[Result "1-0"]
[WhiteElo "2080"]
[BlackElo "2080"]
[Annotator "NA"]
[PlyCount "111"]
[EventDate "2018.12.03"]
[EventType "tourn"]
[EventCountry "SRB"]
[SourceTitle "playchess.com"]
[Source "ChessBase"]
[SourceQuality "1"]
[TimeControl "40/5400+30:1800+30"]

{[%evp 19,101,-11,0,0,0,0,-2,0,24,14,23,22,15,-2,4,0,0,0,0,0,-8,32767,-42,-19,-20,-26,-24,-14,32767,-16,-12,-29,-23,-31,-24,-39,-31,-43,-18,-23,-15,32767,-18,-7,-8,-4,-10,0,35,27,41,31,32767,22,34,32767,0,32767,32767,133,137,0,32767,0,0,-48,0,32767,32767,32767,32767,32767,32767,32767,162,227,583,908,1310,1315,886,1733,4598,6627]} 1. e4 e6 2. d4 d5 3. Bd3 dxe4 4. Bxe4 Nf6 5. Bf3 c5 6. Ne2 Nc6 {C01: French: Exchange Variation} 7. Be3 cxd4 (7... Nd5 8. Bxd5 Qxd5 9. Nbc3 Qxg2 10. Rg1 Qf3 11. Nb5 Rb8 12. dxc5 Bd7 13. Nc7+ Kd8 14. Nb5 {0-1 (54) Kramnik,V (2808)-Caruana,F (2808) Stavanger 2017}) 8. Nxd4 Ne5 9. O-O Be7 10. Nc3 O-O 11. Qe2 {LiveBook: 4 Games} Nxf3+ 12. Qxf3 Qa5 13. Nb3 {[#]} Qh5 $146 ({Predecessor:} 13... Qc7 14. Nb5 {½-½ (34) Guerra Arrocha,D (2079)-Kharitonov,A (2566) Santa Cruz de La Palma 2018}) 14. Qxh5 Nxh5 15. Rfd1 Nf6 16. Bd4 Rd8 17. Na5 Nd5 18. Nb5 a6 19. Nc3 Nxc3 20. bxc3 f6 21. Bb6 Rxd1+ 22. Rxd1 e5 23. c4 $1 Be6 24. c5 $1 Rb8 25. a3 Kf7 26. Kf1 h5 27. Ke1 g5 28. c4 h4 29. Rb1 Bf5 30. Rb3 Be4 31. f3 Bc6 32. Ba7 Rc8 33. Nxc6 Rxc6 34. Rxb7 Ke6 35. Kd2 Bxc5 36. Bxc5 Rxc5 37. Rb6+ Kf5 38. Kc3 g4 39. fxg4+ Kxg4 40. Rxa6 (40. Rxf6 $16 a5 41. a4) 40... f5 $1 41. Rg6+ Kf4 42. Kb4 Rc8 43. c5 Re8 44. c6 e4 45. c7 e3 46. Re6 Rc8 {[#]} (46... Rxe6 $11 {and Black has nothing to worry.} 47. c8=Q Re4+ 48. Kb5 Re5+ 49. Kb6 e2 50. Qc1+ Re3) 47. Re7 $1 h3 $2 (47... e2 $16 {is tougher.}) 48. g3+ Kf3 49. Kc5 $18 Kg2 50. Kc6 Kxh2 51. Rxe3 Kg2 52. Kd7 h2 53. Re1 h1=Q 54. Rxh1 Rxc7+ 55. Kxc7 Kxh1 56. Kd6 1-0